Расчет трубопроводов на прочность: справочная книга

Библиографические подробности
Главный автор: Камерштейн А. Г. Анатолий Григорьевич
Другие авторы: Рождественский В. В. Владимир Владимирович, Ручимский М. Н. Марк Николаевич
Язык:русский
Опубликовано: Москва, Недра, 1969
Издание:2-е изд., перераб. и доп.
Предметы:
Формат: MixedMaterials Книга
Запись в KOHA:https://koha.lib.tpu.ru/cgi-bin/koha/opac-detail.pl?biblionumber=98061

MARC

LEADER 00000nam0a2200000 4500
001 98061
005 20231031111213.0
035 |a (RuTPU)RU\TPU\book\105102 
090 |a 98061 
100 |a 20060609d1969 km y0rusy50 ca 
101 0 |a rus 
102 |a RU 
105 |a a g 001zy 
200 1 |a Расчет трубопроводов на прочность  |e справочная книга  |f А. Г. Камерштейн, В. В. Рождественский, М. Н. Ручимский 
205 |a 2-е изд., перераб. и доп. 
210 |a Москва  |c Недра  |d 1969 
215 |a 440 с.  |c ил. 
320 |a Библиогр.: с. 434-437. 
610 1 |a трубопроводы 
610 1 |a трубопроводы магистральные 
610 1 |a расчетная прочность 
610 1 |a подземные трубопроводы 
610 1 |a наземные трубопроводы 
610 1 |a температурные воздействия 
610 1 |a колебания 
610 1 |a справочники 
675 |a 621.643.001.2(035)  |v 3 
700 1 |a Камерштейн  |b А. Г.  |g Анатолий Григорьевич 
701 1 |a Рождественский  |b В. В.  |g Владимир Владимирович 
701 1 |a Ручимский  |b М. Н.  |g Марк Николаевич 
801 1 |a RU  |b 63413507  |c 20060609  |g PSBO 
801 2 |a RU  |b 63413507  |c 20080526  |g PSBO 
942 |c BK